Alhué

Guardat en:
Dades bibliogràfiques
Autor principal: González Vera, José Santos (Autor)
Format: Llibre
Idioma:espanyol
Publicat: Santiago Nascimento 1976
Matèries:
Etiquetes: Afegir etiqueta
Sense etiquetes, Sigues el primer a etiquetar aquest registre!

MARC

LEADER 00000nam a2200000 a 4500
001 UCX2177
003 CL-VaPUC
008 910328e19760000CL |||||||||||||||||spa|d
082 0 4 |a Ch863  |b GON  |2 21 
100 |a González Vera, José Santos  |e author  |9 318013 
245 1 0 |a Alhué 
300 |a 175 p 
942 |c BK 
945 |d 19910328 00:00:00 
260 |a Santiago  |b Nascimento  |c 1976 
650 0 |a Novelas chilenas   |9 265425 
583 |a last modification  |c 19910328 00:00:00  |k Rodrigo Vera 
999 |c 223258  |d 223256 
952 |0 0  |1 0  |4 0  |6 CH_863_000000000000000_GON_1976  |7 0  |8 A  |9 218869  |a BIBEDU  |b BIBEDU  |c ES_NOD  |d 2019-11-15  |i 2876663  |o Ch863 GON 1976  |p 2876663  |r 2023-08-09  |w 2019-11-15  |y BK  |k LIT